MARC

LEADER 00000nam0a2200000 4500
001 250260
005 20231101232539.0
010 |a 5247003314 
035 |a (RuTPU)RU\TPU\book\272442 
090 |a 250260 
100 |a 20140212d1989 m y0rusy50 ca 
101 0 |a rus 
102 |a RU 
105 |a a j 001zy 
200 1 |a Контроль процессов горного производства  |e учебник для вузов  |f В. С. Ямщиков 
210 |a Москва  |c Недра  |d 1989 
215 |a 446 с.  |c ил. 
225 1 |a Высшее образование 
320 |a Библиогр.: с. 429-430. 
320 |a Алфавитно-предметный указатель: с. 438-443. 
606 1 |a Горные предприятия  |x Технический контроль  |2 stltpush  |3 (RuTPU)RU\TPU\subj\8194  |9 35667 
610 1 |a геоконтроль 
610 1 |a горные породы 
610 1 |a механические испытания 
610 1 |a геофизические методы 
610 1 |a горные массивы 
610 1 |a напряженное состояние 
610 1 |a месторождения 
610 1 |a подземная разработка 
610 1 |a горное давление 
610 1 |a геомеханические процессы 
610 1 |a динамические явления 
610 1 |a карьеры 
610 1 |a упрочнение 
610 1 |a трещиноватость 
610 1 |a гидрогеологические факторы 
610 1 |a газоносность 
610 1 |a интроскопия 
610 1 |a скважинная геотехнология 
610 1 |a горные машины 
610 1 |a техническое состояние 
610 1 |a учебники 
675 |a 622.012:658.5(075.8)  |v 3 
700 1 |a Ямщиков  |b В. С.  |g Валерий Сергеевич 
801 1 |a RU  |b 63413507  |c 20140212 
801 2 |a RU  |b 63413507  |c 20140214  |g RCR 
942 |c BK